A conceptual introduction to chemistry / (Record no. 1823)
[ view plain ]
| 000 -LEADER | |
|---|---|
| fixed length control field | 01022cam a22002774a 4500 |
| 001 - CONTROL NUMBER | |
| control field | 14085885 |
| 005 - DATE AND TIME OF LATEST TRANSACTION | |
| control field | 20241130111659.0 |
| 008 - FIXED-LENGTH DATA ELEMENTS--GENERAL INFORMATION | |
| fixed length control field | 050824s2007 maua 001 0 eng |
| 020 ## - INTERNATIONAL STANDARD BOOK NUMBER | |
| International Standard Book Number | 0072857684 (acidfree paper) |
| 020 ## - INTERNATIONAL STANDARD BOOK NUMBER | |
| International Standard Book Number | 0073221066 |
| 020 ## - INTERNATIONAL STANDARD BOOK NUMBER | |
| International Standard Book Number | 9780072857689 |
| 020 ## - INTERNATIONAL STANDARD BOOK NUMBER | |
| International Standard Book Number | 9780073221069 |
| 050 00 - LIBRARY OF CONGRESS CALL NUMBER | |
| Classification number | QD33.2 |
| Item number | .B38 2007 |
| 082 00 - DEWEY DECIMAL CLASSIFICATION NUMBER | |
| Classification number | 540 |
| Edition information | 22 |
| 100 1# - MAIN ENTRY--PERSONAL NAME | |
| Personal name | Bauer, Richard C., |
| Dates associated with a name | 1963 November 24- |
| 245 12 - TITLE STATEMENT | |
| Title | A conceptual introduction to chemistry / |
| Statement of responsibility, etc. | Richard C. Bauer, James P. Birk, Pamela S. Marks. |
| 260 ## - PUBLICATION, DISTRIBUTION, ETC. | |
| Place of publication, distribution, etc. | Boston : |
| Name of publisher, distributor, etc. | McGraw-Hill Higher Education, |
| Date of publication, distribution, etc. | c2007. |
| 300 ## - PHYSICAL DESCRIPTION | |
| Extent | xxii, 647, A-34, G-7, C-3, I-14 p. : |
| Other physical details | ill. (chiefly col.) ; |
| Dimensions | 29 cm. |
| 500 ## - GENERAL NOTE | |
| General note | Includes index. |
| 650 #0 - SUBJECT ADDED ENTRY--TOPICAL TERM | |
| Topical term or geographic name entry element | Chemistry |
| Form subdivision | Textbooks. |
| 700 1# - ADDED ENTRY--PERSONAL NAME | |
| Personal name | Birk, James P. |
| 700 1# - ADDED ENTRY--PERSONAL NAME | |
| Personal name | Marks, Pamela. |
| 856 42 - ELECTRONIC LOCATION AND ACCESS | |
| Materials specified | Publisher description |
| Uniform Resource Identifier | <a href="http://www.loc.gov/catdir/enhancements/fy0634/2005053865-d.html">http://www.loc.gov/catdir/enhancements/fy0634/2005053865-d.html</a> |
| 856 41 - ELECTRONIC LOCATION AND ACCESS | |
| Materials specified | Table of contents only |
| Uniform Resource Identifier | <a href="http://www.loc.gov/catdir/enhancements/fy0634/2005053865-t.html">http://www.loc.gov/catdir/enhancements/fy0634/2005053865-t.html</a> |
| 942 ## - ADDED ENTRY ELEMENTS (KOHA) | |
| Source of classification or shelving scheme | Library of Congress Classification |
| Koha item type | Books |
| Suppress in OPAC | No |
| 999 ## - | |
| -- | 1823 |
| -- | 1823 |
| Withdrawn status | Lost status | Source of classification or shelving scheme | Damaged status | Not for loan | Collection | Home library | Current library | Shelving location | Date acquired | Total checkouts | Full call number | Barcode | Date last seen | Copy number | Price effective from | Koha item type |
|---|---|---|---|---|---|---|---|---|---|---|---|---|---|---|---|---|
| Library of Congress Classification | Non-fiction | Science Library (Miotso) | Science Library (Miotso) | General stacks | 11/30/2024 | QD33.2 .B38 BAU | SLM00001023 | 11/30/2024 | 1 | 11/30/2024 | Books |